000 00476nam a2200157Ia 4500
008 151213s9999 xx 000 0 und d
100 _aGordon D. Prichett & John C. Saber
245 _aMathematics With Applications in Management & Economics
_cGordon D. Prichett & John C. Saber
250 _a7th
260 _aBoston
_bIrwin
_c1994
300 _a3519 p.
650 _aMathematics
650 _aMathematics
700 _aGordon D. Prichett & John C. Saber
999 _c2326
_d2326